| 000 | 01134cam a22001934a 4500 | ||
|---|---|---|---|
| 005 | 20250605164140.0 | ||
| 008 | 250528s ||||||||||||||||||||||||d | ||
| 035 | _a18956 | ||
| 040 |
_aGR-AtMCL _bgre _dGR-AtMCL _eAACR2 |
||
| 245 | 1 | _aΡυθμολογία και Αρχιτεκτονική του Επίπλου / Έκδοσις Δ' Επαυξημένη και Βελτιωμένη | |
| 250 | _a4η | ||
| 260 |
_bΉβος, _c1990 |
||
| 300 | _a384 | ||
| 520 | _aΤιμητική Διάκριση Ακαδημίας Αθηνών. Πρόλογος, Ιστορική Περίοδος της Τέχνης, Ρωμαική Τέχνη, Βυζαντινή Τέχνη, Ιταλία - Περίοδος Προαναγεννήσεως, Μπαρόκ, Ισπανία, Αγγλία, Γερμανία, Σκανδιναβία, Νεα Τέχνη 19ος Αιώνας, 20ος Αιώνας στην Ελλάδα, Σύντομη Ιστορική Εξέλιξη των Βασικών Επίπλων, Περιεχόμενα. | ||
| 700 | 1 |
_aΑλεξανδρίδφης Παναγιώτης Ν _95236 |
|
| 942 | _cBK | ||
| 999 |
_c4252 _d4252 |
||